00449nam a2200181Ia 4500008004100000020001800041050001400059100002300073245004500096245002600141260001500167260001600182260000900198300001500207300002700222300001000249500000800259170918s9999 xx 000 0 und d a9780590994590 bC554 1989 aChristelow, Eileen aFive little monkeys jumping on the bed / cby Eileen Christelow. aNew York : bScholastic, c1989 a32 pages : bcolored illustration ; c20cm. a310